[Event "WchT 5th"]
[Site "Yerevan"]
[Date "2001.10.19"]
[Round "8.2"]
[White "Ruck, Robert"]
[Black "Nedev, Trajce"]
[Result "1-0"]
[WhiteElo "2582"]
[BlackElo "2514"]
[Annotator "Postny,E"]
[PlyCount "49"]
[EventDate "2001.10.12"]
[EventType "team-tourn"]
[EventRounds "9"]
[EventCountry "ARM"]
[SourceTitle "CBM 086"]
[Source "ChessBase"]
[SourceDate "2002.02.05"]
[SourceVersion "1"]
[SourceVersionDate "2002.02.05"]
[SourceQuality "1"]
[WhiteTeam "Hungary"]
[BlackTeam "Macedonia"]
[WhiteTeamCountry "HUN"]
[BlackTeamCountry "MKD"]

1. c4 Nf6 2. Nc3 g6 3. g3 d5 4. cxd5 Nxd5 5. Bg2 Nb6 6. d3 Bg7 7. Be3 Nc6 8.
Bxc6+ $5 {This exchange is a subject for a discussion for many years...On the
one hand black's pawnstructure on the queenside is irreparable, on the other
hand weak light squares in white's camp on the kingside will become a target
for black's pieces. Normal alternative is 8.Nf3.} bxc6 9. Qd2 {This obvious
move is quite a rare guest in practice. The main line is 9.Qc1 and it's
considered by theory to be the most flexible move.White's Q from c1 takes the
immideate care of the diagonal c1-h6 and the "c" file, and the d2 square may
be used by the white's kingside N.The examples you can find in Survey Opening
CBM 46.} h6 $6 {The idea of this move is not quite clear.} (9... h5 $142 {
- see the game Alterman,B-Mikhalevski,V /Rishon Le Ziyon 1995/CBM 46 [Ribli]})
10. Rc1 $146 {[%mdl 8]} (10. f3 $6 Nd5 11. Bc5 Rb8 12. Rc1 a5 13. Nd1 a4 14. f4
Bg4 15. Rc2 O-O 16. h3 Be6 17. Nf3 Rb5 18. Ne5 Qa8 19. Rh2 Re8 $13 {1/2-1/2
Luce,S-David,P/Prague 1989/EXT 97 (61)}) (10. Nf3 Bg4 $132) 10... Nd5 11. Nf3
Bh3 12. Bd4 Nf6 $6 (12... f6 {Looks a bit awkward, but it's the best.} 13. Rg1
{[%csl Rg2]} O-O {and then e7-e5. White position seems to me preferable, but
black have some chances as well.}) 13. Bxf6 $1 {Now black has an unpleasant
choice.} exf6 {This is the least of the evils.} (13... Bxf6 14. Ne4 $16 {
[%cal Ge4f6,Gc1c6]}) 14. Qe3+ Kf8 15. Qc5+ Kg8 $2 {Black decided to sacrifice
a pawn, hoping to get a counterplay in the middlegame, but fails...} ({The
only reasonable continuation was:} 15... Qd6 16. Ne4 Qxc5 17. Rxc5 Bg2 18. Rg1
Bxf3 19. exf3 {now white's pawn structure is not perfect as well.} Rb8 20. b3
f5 $14) 16. Nd4 $1 ({Possible was} 16. Qxc6 Rb8 17. Nd1 {,but the move in the
text is even stronger.}) 16... Kh7 {The alternative aren't better:} (16... Bf8
17. Qxc6 Rb8 18. Nb3 $16) (16... Qd7 17. Qxc6 Qxc6 18. Nxc6 Bg2 19. Ne7+ Kf8
20. Rg1 {and white's position is technically winning.}) 17. Nxc6 Qd7 {[%cal
Gh3g2]} 18. f3 Rhe8 19. Kf2 f5 (19... Re6 20. Nd5 $16 {[%cal Gd5f4] /+-}) (
19... Bf8 20. Qd5) 20. Qd5 Qc8 $2 {Black's position is very bad, but there is
no reason to collapse so fast.} (20... Rad8 {should have been tried and
setting a small trap as well.} 21. Nxd8 $4 Bd4+ $1 22. Ke1 Bxc3+ $19 {[%csl
Rd5][%cal Gd7d5] White should play 21.Qd7 and enjoy the endgame with a pawn up.
}) 21. Qxf7 Qb7 22. Nd5 Qxb2 (22... Rf8 23. Qxc7 {the simplest} Qxb2 24. Rb1
$18) 23. Nf4 {In addition to all black's troubles the Bh3 is doomed.} Qb6+ (
23... g5 24. Rb1 $18) 24. d4 g5 25. Nxh3 1-0

[Event "Moscow Aeroflot op-A"]
[Site "Moscow"]
[Date "2004.02.22"]
[Round "6"]
[White "Popov, Valerij"]
[Black "Petrosian, Tigran L"]
[Result "1/2-1/2"]
[WhiteElo "2580"]
[BlackElo "2477"]
[Annotator "Postny,E"]
[PlyCount "162"]
[EventDate "2004.02.17"]
[EventType "swiss"]
[EventRounds "9"]
[EventCountry "RUS"]
[SourceTitle "CBM 100"]
[Source "ChessBase"]
[SourceDate "2004.06.01"]
[SourceVersion "1"]
[SourceVersionDate "2004.06.01"]
[SourceQuality "1"]

1. Nf3 Nf6 2. c4 g6 3. Nc3 d5 4. Qa4+ Bd7 5. Qb3 dxc4 6. Qxc4 a6 {This move
saw his light only in the late 90ies and was successfully employed by Svidler,
among others.} ({Other theoretical replies are:} 6... Bg7) ({and} 6... Nc6) 7.
d4 {Also appeared in practice 7.e4 and 7.g3. However, white can not really
claim an advantage in this opening line.} b5 8. Qd3 (8. Qb3 Be6 (8... Nc6 9.
Bf4 Bg7 10. e3 O-O 11. Be2 $14 {1-0 Lautier,J-Bacrot,E/Enghien les Bains 1999/
CBM 70 [Lautier] (30)}) 9. Qc2 c5 10. dxc5 Bg7 11. g3 (11. e4 $5) 11... Nc6 12.
Bg2 Nb4 13. Qd1 Qxd1+ 14. Kxd1 O-O 15. Bd2 Rac8 16. Nd4 Ng4 17. Nxe6 Nxf2+ 18.
Kc1 fxe6 19. Rf1 Rxc5 $17 {0-1 Van Wely,L-Svidler,P/Warsaw 1999/EXT 2002 (29)})
8... Bg7 9. g3 $146 {Popov is improving his own play.} (9. Bf4 O-O 10. Rc1 c5
11. dxc5 b4 12. Nd1 Nc6 13. Nd4 Qa5 14. Nb3 Qa4 15. e4 Be6 16. Qc2 Rfd8 $36 {
0-1 Popov,V-Svidler,P/Krasnoyarsk 2003/CBM 98 [Stohl] (22)}) 9... b4 $1 (9...
Bc6 $6 {It's not recommended for black to block his own Pc7.} 10. Bg2 b4 11.
Nb1 $14) 10. Ne4 (10. Nb1 {is too passive to be correct.}) 10... Nxe4 11. Qxe4
Bc6 12. Qf4 $1 (12. d5 $2 Bxd5 13. Qxb4 Nc6 {with strong initiative.}) 12...
O-O ({After} 12... Bxd4 $2 13. Nxd4 Bxh1 14. f3 {[%csl Rh1] black's position
looks quite miserable.}) 13. Bg2 Bxd4 14. O-O e5 $1 {The only way to maintain
the balance.} (14... Bc5 $6 15. Be3 Bd6 16. Qh6 Bxf3 17. Bxf3 c6 18. Rfd1 $36)
15. Nxe5 Bxe5 16. Qxe5 Re8 (16... Bxg2 $2 17. Bh6 f6 18. Qe6+ Rf7 19. Kxg2 $16)
17. Qc5 Bxg2 18. Kxg2 Rxe2 19. Bh6 {White is correctly trying to make use of
weak dark squares in opponent's camp.} Nd7 {Black is completing the
development, since he can not hold his extra pawn anyway.} (19... a5 $4 20.
Rfd1 Qe8 21. Qd4 $18) 20. Qxb4 Ne5 21. Rad1 Qf6 22. Qb7 Re8 23. Rde1 c6 $2 {
[%csl Rf3]} (23... Rxe1 24. Rxe1 g5 25. f4 (25. Bxg5 Qxg5 26. f4 Qd8 27. Rxe5
Qd2+ 28. Kh3 Rxe5 29. fxe5 Qh6+ $11) 25... Qxh6 26. Rxe5 Rxe5 27. fxe5 Qg6 $11)
24. Qb3 {White must cover the f3 square.} Rxe1 25. Rxe1 g5 26. Qc3 $2 {Wrong
choice.} (26. Bxg5 $2 Qxg5 27. f4 Qd8 $1 28. Rxe5 Rxe5 (28... Qd2+ $2 29. Kh3
Rxe5 30. Qb8+ $18) 29. fxe5 Qd2+ 30. Kh3 Qh6+ 31. Kg4 Qxh2 $11) ({The right
move was} 26. f4 $1 {and after} Qxh6 (26... gxf4 27. Bxf4 Qd6 28. Re2 $16) 27.
Rxe5 Rxe5 28. Qb8+ $1 Qf8 29. Qxe5 gxf4 30. Qg5+ Qg7 31. Qd8+ $1 Qf8 32. Qxf8+
Kxf8 33. g4 $1 {white is getting won pawn endgame.}) 26... Qxh6 27. Rxe5 Rxe5
28. Qxe5 Qg6 {White has slight advantage in this endgame, thanks to superior
pawn structure, but it's not enough for win, if black plays accurately.} 29.
Qe2 ({Comes to consideration} 29. h3 {not allowing black the move that now
follows...}) 29... g4 30. Qxa6 Qe4+ 31. Kg1 Qb1+ 32. Kg2 Qe4+ 33. Kg1 Qb1+ 34.
Qf1 Qxa2 (34... Qxb2 $6 35. Qc4 $14) 35. Qe2 Qb1+ 36. Kg2 Qg6 $11 37. Qe5 f5 $6
{Strange move. Why to weaken the king with no reason? The Pf5 may be a target
as well. Or maybe black is playing for a win...} 38. Qe7 Qf7 39. Qg5+ Kh8 40.
Qd8+ Kg7 41. h4 Qe6 42. Qd4+ Kg6 43. Kf1 c5 44. Qf4 (44. Qxc5 Qa6+ 45. Kg2 (45.
Kg1 Qa1+ $11) 45... Qb7+ $11 {[%csl Rb2]}) 44... h6 45. Qa4 c4 46. Qa8 f4 47.
gxf4 Kf5 $2 {After this active move black is in trouble.} (47... Kh5 48. Kg1
Qf5 $11 (48... Kxh4 $4 49. Qh1#)) 48. Qf8+ Ke4 49. f5 $1 Qa6 (49... Qxf5 $2 50.
Qxh6 $16) 50. Kg2 Qc6 51. Kg1 $2 {The king goes the wrong way.} (51. Kg3 $1 h5
(51... Qc7+ 52. Kxg4 Qf4+ 53. Kh5 $18) 52. Qe7+ Kxf5 53. Qf7+ Ke4 54. Qxh5 {
with good winning chances.}) 51... Qb6 $1 {[%cal Gg4g3]} 52. Qf7 {[%csl Rc4]}
Qxb2 53. Qxc4+ Kxf5 54. Qc8+ Kg6 $8 (54... Kf4 $2 55. Qf8+ Ke4 56. Qxh6 {
with good winning chances, since the Pg4 is a target.}) 55. Qxg4+ Kh7 {White
has won a pawn, but it's still insufficient for a win against careful defense.}
56. Qf5+ Kg7 57. Qg4+ Kh7 58. h5 Qb1+ 59. Kh2 Qb8+ 60. Qg3 Qb1 61. Qc7+ Kh8 62.
Qc6 Kh7 63. f3 Qb2+ 64. Kh3 Qd2 65. Qe4+ Kh8 66. Qe8+ {If white will occupy
with his queen the g6 square, the black will use the idea of stalemate.} Kh7
67. Qe7+ Kg8 68. Kg3 Qc1 69. Kg4 Qc4+ 70. Qe4 Qc8+ 71. Qf5 Qc4+ 72. Qf4 Qe6+ {
Black does not allow the white king to come towards his counterpart.} 73. Kh4
Qb6 74. Qc4+ Kh8 75. Qc3+ Kg8 76. Qe5 Kh7 77. Kg4 Qg1+ 78. Kf5 Qg5+ 79. Ke6
Qg8+ 80. Kd7 Qf7+ 81. Qe7 Kh8 $1 (81... Kh8 82. Qxf7 {Stalemate!}) ({Draw as
well after} 81... Kg8 82. Qxf7+ Kxf7 83. f4 Kf6 84. Ke8 Kf5 85. Kf7 Kxf4 86.
Kg6 Ke5 87. Kxh6 Kf6) 1/2-1/2

[Event "EU-Cup 21st"]
[Site "Saint Vincent"]
[Date "2005.09.19"]
[Round "2.1"]
[White "Georgiev, Kiril"]
[Black "Hermansson, Emil"]
[Result "1-0"]
[WhiteElo "2666"]
[BlackElo "2430"]
[Annotator "Postny,E"]
[PlyCount "61"]
[EventDate "2005.09.18"]
[EventType "team-swiss"]
[EventRounds "7"]
[EventCountry "ITA"]
[SourceTitle "CBM 110"]
[Source "ChessBase"]
[SourceDate "2006.01.31"]
[SourceVersion "1"]
[SourceVersionDate "2006.01.31"]
[SourceQuality "1"]
[WhiteTeam "Skopje"]
[BlackTeam "Stockholm"]
[WhiteTeamCountry "MKD"]
[BlackTeamCountry "SWE"]

1. Nf3 {Kortschnoj} Nf6 2. c4 g6 3. Nc3 d5 4. Qa4+ Bd7 5. Qb3 dxc4 6. Qxc4 Bg7
7. g3 {This continuation was popular in the 70's and 80's, but nowadays
considered as harmless for black.  Kortschnoj: 'According to the modern theory,
the most active move here is 7.e4. But some people prefer to play familiar,
strategic set-ups.'} O-O 8. Bg2 Bc6 (8... Nc6 9. O-O Ne8 (9... Bg4 10. d4 Bxf3
11. Bxf3 Nxd4 12. Bxb7 Rb8 13. Bg2 $14 {1-0 Tal,M (2615)-Tseshkovsky,V (2560)/
Minsk 1979/URS-ch (43)}) 10. d4 Nd6 11. Qd3 Bg4 12. d5 Nb4 13. Qd1 c6 14. Qa4
c5 15. a3 Bd7 16. Qd1 Na6 17. Bf4 Qb6 18. Qc2 c4 $132 {1-0 Mochalov,E (2455)
-Tseshkovsky,V (2595)/Krasnodar 1980/EXT 2002 (60)}) 9. O-O a6 (9... Nbd7 10.
e4 e5 11. b4 a6 12. Bb2 Nb6 13. Qe2 Ne8 14. Rfd1 Na4 15. Nxa4 Bxa4 16. Rdc1 Qe7
17. a3 Nd6 18. Rc5 b6 19. Rxe5 Bxe5 20. Nxe5 $36 {[%csl Gb2,Rg8] 1-0
Miroshnichenko,E (2617)-Khmelniker,I (2454)/Bad Wiessee 2004/EXT 2005 (34)})
10. Re1 b5 11. Qb3 Nbd7 $146 {Kortschnoj: 'In one old game 11...Ne4 had been
played. But Black has now something else in mind. '} (11... Ne4 12. Nxe4 Bxe4
13. d3 Bd5 14. Qc2 Bb7 15. Be3 Nd7 16. Rab1 Rc8 17. b4 $14 {1-0 Smejkal,J 
(2550)-Ghinda,M (2455)/Warsaw 1979/MCD (43)}) 12. d4 {White is trying to
occupy the centre with his pawns.} Bb7 {Preparing the programming c7-c5
advance.} 13. e4 {Kortschnoj: 'Stubbornness! Three moves before white played
with his rook to e1. Certainly with the idea to continue e2-e4. But the
situation changed! 13.a4 leads to a win of the pawn b5, whereas to push the
central pawns looks dangerous. Well, since the move with the rook to e1 had
been already played, let us not change the plan! '} c5 14. e5 $6 {White does
not want to accept the equality and is going for "all of nothing". Objectively
speaking, white does not have enough ground to claim any advantage.} (14. d5
Ng4 $13 {[%cal Gg4e5]}) 14... Ng4 ({Another possible way to play was} 14... c4
15. Qd1 Nd5 {with about equal chances. (Kortschnoj)}) 15. e6 cxd4 16. exf7+ (
16. exd7 dxc3 $17) 16... Kh8 17. Ne4 {White is practically forced to sacrifice
an exchange.} Bxe4 18. Rxe4 Nc5 19. Qc2 Nxe4 20. Qxe4 {Kortschnoj: 'Exactly
this position white had to see and to assess, playing 13.e4.'} Nf6 (20... Qd7 {
Kortschnoj} 21. Ng5 d3 22. Ne6 Nf6 23. Qe1 Rac8 24. Bh3 Rc2 25. Bd2 $15 {
with a rather unclear position.}) 21. Qh4 $1 {Kortschnoj: 'The threat is Ne5,
what is not easy to repel.'} Qb6 $6 {After this mistake white is on top.
Kortschnoj: 'The best in an already difficult situation was 21...Qd7'} (21...
Rc8 22. Ne5 {[%csl Rg6]} (22. Bf4 d3 $17) (22. Nxd4 $2 Rc4 $19) 22... Nh5 $8
$17 {In all cases white does not get sufficient compensation for the exchange.}
) 22. Ne5 Nh5 $2 {This loses.} ({The only reasonable way was:} 22... Nd5 $3 23.
Bg5 $1 (23. Bxd5 $2 Rad8 {[%csl Rd5,Re5]} 24. Nxg6+ Qxg6 25. Be4 Bf6 $17) 23...
Bxe5 24. Bxd5 Bf6 25. Bxa8 Rxa8 26. Rd1 Rf8 27. Bxf6+ Qxf6 28. Qxf6+ exf6 29.
Rxd4 Rxf7 30. Rd8+ Kg7 31. Ra8 Rd7 32. Rxa6 Rd2 {and black might hold the
endgame.}) 23. Bxa8 Qe6 (23... Rxa8 24. Qxe7 $18) 24. Qxd4 Rxa8 (24... Bxe5 25.
Bd5 Bxd4 26. Bxe6 Ng7 27. Bb3 e6 28. Bf4 Rxf7 29. Rd1 Bf6 30. Rd6 {with a
winning advantage.}) {[%tqu "En","Please enter the best move for White.","","",
"c1h6","White's passed pawn on f7 will cost black dearly.",10]} 25. Bh6 $1 $18
{White's passed pawn on f7 will cost black dearly.} Qxe5 (25... Bxh6 $2 26.
Nxg6#) (25... Bxe5 26. Qe4 Rd8 27. f8=Q+ Rxf8 28. Bxf8 Nf6 29. Qe2 $18) ({After
} 25... Nf6 26. Bxg7+ Kxg7 27. f4 $18 {black has no chance to capture the Pf7.}
) 26. Qxe5 Bxe5 27. f8=R+ Rxf8 28. Bxf8 Bxb2 29. Re1 Kg8 30. Bxe7 Kf7 31. Bd6
1-0

[Event "Asia-ch"]
[Site "Kolkata"]
[Date "2001.08.16"]
[Round "10"]
[White "Ghaem Maghami, Ehsan"]
[Black "Odeev, Handszar"]
[Result "1-0"]
[WhiteElo "2509"]
[BlackElo "2479"]
[Annotator "Postny,E"]
[PlyCount "93"]
[EventDate "2001.08.09"]
[EventType "swiss"]
[EventRounds "11"]
[EventCountry "IND"]
[SourceTitle "CBM 085"]
[Source "ChessBase"]
[SourceDate "2001.11.13"]
[SourceVersion "1"]
[SourceVersionDate "2001.11.13"]
[SourceQuality "1"]

1. c4 Nf6 2. Nf3 g6 3. Nc3 d5 4. cxd5 Nxd5 5. Qa4+ Bd7 6. Qh4 Nxc3 7. dxc3 {
The main line.The alternatives 7.bc and 7.Qd4 are quite a rare guests in
practice.} Nc6 8. e4 e5 9. Bg5 Be7 10. Bc4 h6 (10... h5 $1 {This interesting
idea seems to be the safest way to equalize.} 11. Bxe7 Qxe7 12. O-O-O Qxh4 13.
Nxh4 Rf8 14. Bd5 O-O-O $11 {see the game Piket,J-Mikhalevski,V /EUCup final
14th 1999/CBM 69[Mikhalevski V.]}) 11. Bxe7 Qxe7 12. Qg3 $1 {The alternative
12.0-0-0 is less poisonous for black.} O-O-O 13. O-O g5 (13... Rh7 $5 14. Bd5
Re8 15. Rfe1 Rg7 16. a4 f5 17. Nd2 f4 18. Qd3 g5 19. a5 Nd8 20. b4 Rg6 21. b5
g4 22. b6 a6 23. bxc7 Kxc7 24. Rab1 $16 {1-0 Savchenko,S-Mikhalevski,V/Berlin
1997/CBM 59 ext/ChessInf.70 (53)}) 14. Rfd1 f6 15. Nd2 h5 16. Qe3 $146 (16. Bd5
Bg4 (16... Kb8) 17. f3 Be6 18. Nb3 Bxd5 $6 (18... Rd6) 19. exd5 Nb8 20. Qf2 b6
21. c4 Na6 22. Rac1 Nc5 23. Nxc5 Qxc5 24. Qxc5 bxc5 25. Rc3 $16 {1-0 Berebora,
F-Veroci,Z/HUN 1997/EXT 99 (60)}) 16... Kb8 17. Bd5 (17. b4 Be6 $11) 17... h4
18. b4 Rdf8 $6 {Not the best manoeuvre.} ({A move, that deserves close
attention is:} 18... Qe8 $1 {[%cal Yc6e7,Ye8h5] The Bd5 is the pride of
white's position and black should try to attack it.} 19. Nb3 Ne7 20. Nc5 (20.
Bc4 Qh5 21. Nc5 Bc8 22. Be2 g4 $132) 20... Nxd5 21. exd5 Bg4 22. f3 Bf5 $132)
19. b5 Nd8 20. a4 g4 (20... Ne6 $6 {[%csl Yc5]} 21. Nb3 (21. a5 $6 Qc5 $13 ({
dangerous for black is:} 21... Bxb5 $6 22. Bxb7 $1 Kxb7 23. Rdb1 $40)) 21...
Rd8 ({bad is immideate} 21... Nf4 $2 {due to} 22. Bxb7 $1 Kxb7 23. Rxd7 Qxd7
24. Nc5+ $18) 22. c4 $36 {[%cal Gc4c5] <<}) 21. Nb3 g3 (21... Ne6 22. c4 $40 {
[%cal Gc4c5]}) 22. Nc5 ({Of course, the pawn shouldn't be taken:} 22. fxg3 $2
hxg3 23. Qxg3 f5 $44) 22... gxf2+ 23. Qxf2 Bg4 ({Deserved attention} 23... Bc8
24. Rdb1 b6 $1 ({but not} 24... Ne6 $2 25. Na6+ {The Bc8 is blocking the way
to escape for the black's K.} Ka8 26. b6 cxb6 27. a5 $40)) 24. Rdb1 f5 25. a5
fxe4 26. Qe3 {White is ready for the decisive strike on the queenside, however
black's position is still defendable...} Rf6 $2 {The decisive mistake. The
continuation of the game shows, that black's R on the 6th rank doesn't help
much in the defense.Only the queen exchange might have helped...} (26... Qd6 $8
27. Bxe4 (27. Bxb7 $2 Nxb7 28. Nxb7 Kxb7 29. Qxe4+ Kb8 30. Qxg4 Qc5+ 31. Kh1 h3
$1 $132 {[%csl Rh1]}) 27... Qh6 28. Qxh6 (28. Qd3 $6 Qd6) 28... Rxh6 29. Rf1
$14) 27. b6 $1 cxb6 28. axb6 Rxb6 (28... a6 29. Nxa6+ bxa6 30. Rxa6 Nb7 31.
Rba1 $18) 29. Rxb6 axb6 {[%tqu "En","How to continue the attack?","","","c5a6",
"",15]} 30. Na6+ $3 {[%mdl 128] The "nightmare" for black's K just begins...} (
{Much less convincing} 30. Nxb7 Nxb7 31. Qxb6 Bc8) 30... bxa6 31. Qxb6+ Nb7 (
31... Kc8 32. Qxa6+ Kd7 33. Qb5+ $18) 32. Rxa6 Bc8 (32... Qc5+ 33. Qxc5 Nxc5
34. Ra8+ Kc7 35. Rxh8 e3 36. Bf3 $18) 33. Qa7+ Kc7 34. Rc6+ Kd7 35. Qb6 Qd8 36.
Be6+ Ke7 37. Qb4+ $1 {This key check should have been seen before white's
playing 30.Na6!} Nd6 38. Rxc8 {[%csl Rd8] Black queen is trapped.} Kxe6 ({
A little bit more stubborn was} 38... Qxc8 39. Bxc8 Rxc8 {[%csl Yc4] keeping
the c4 stronghold.}) 39. Rxd8 Rxd8 40. Qb3+ Kf5 41. Qd5 {This move paralises
all black's pieces.The rest of the game is an easy job for white.} e3 42. Kf1
Kf6 43. Ke2 Nf7 44. Qf3+ Ke7 45. Qxe3 Rg8 46. Qe4 Ke6 47. Qc4+ 1-0

[Event "Elgoibar 13th"]
[Site "Elgoibar"]
[Date "2003.12.11"]
[Round "9.4"]
[White "Paunovic, Dragan"]
[Black "Saldano Dayer, Horacio"]
[Result "0-1"]
[WhiteElo "2504"]
[BlackElo "2424"]
[Annotator "Postny,E"]
[PlyCount "82"]
[EventDate "2003.11.03"]
[EventType "tourn"]
[EventRounds "9"]
[EventCountry "ESP"]
[EventCategory "9"]
[SourceTitle "CBM 099"]
[Source "ChessBase"]
[SourceDate "2004.03.30"]
[SourceVersion "1"]
[SourceVersionDate "2004.03.30"]
[SourceQuality "1"]

1. Nf3 Nf6 2. g3 d5 3. Bg2 g6 4. O-O Bg7 5. c4 O-O (5... d4 {transposes to
Benoni with reversed colours, where white has an extra tempo.}) 6. cxd5 Nxd5 7.
Nc3 Nc6 8. Ng5 {This is a rare continuation. Other lines lead to an
approximately equal game as well.} (8. Nxd5 Qxd5 9. d3 Qb5 10. Rb1 a5 11. b3 a4
12. Bb2 Bxb2 13. Rxb2 Be6 14. Qd2 axb3 15. axb3 Qb4 16. Qxb4 Nxb4 17. Nd4 Bd5
$11 {1/2-1/2 Andersson,U-Olafsson,F/Wijk aan Zee 1976/MCD (28)}) (8. d4 Nb6 {
- leads to one of the variations of Grunfeld defense - D76.}) ({Also appeared
in practice} 8. Qb3) ({and} 8. Qa4) 8... Nb6 (8... e6 9. d3 (9. Nge4 f5 10.
Nxd5 exd5 11. Nc5 Qd6 12. d4 Nxd4 13. Nb3 Nxb3 14. Bxd5+ Be6 15. Bxb3 Qe7 $15 {
1-0 Thompson,I-Lalic,B/Groningen 1999/CBM 73 ext (39)}) 9... b6 10. Rb1 Nce7
11. Nge4 c5 12. Bg5 f6 13. Bd2 Bb7 14. a3 Qd7 15. b4 cxb4 16. axb4 f5 17. Nxd5
Bxd5 18. Ng5 Bxg2 19. Kxg2 h6 20. Nf3 $13 {1/2-1/2 Cebalo,M-Kozul,Z/Zlatibor
1989/EXT 2000 (34)}) 9. d3 h6 (9... e5 10. Bd2 h6 11. Nf3 Be6 12. Qc1 Kh7 13.
Ne4 Nd7 14. b4 Rc8 15. b5 Nd4 16. Nxd4 exd4 17. Nc5 Nxc5 18. Qxc5 $14 {1-0
Cebalo,M-Samaritani,F/Bratto 1998/EXT 2000 (54)}) 10. Nge4 e5 11. a4 $146 {
[%cal Ga4a5]} (11. Nc5 Qe7 12. Be3 Rd8 13. Rc1 Kh7 14. a3 a5 15. N5a4 Nxa4 16.
Qxa4 Nd4 17. Bxd4 Rxd4 18. Qc2 c6 $132 {0-1 Ek,H-Enklaar,B/Eksjo 1975/EXT 2001
(44)}) 11... a5 12. Be3 {White is trying to put pressure on black's queenside.}
Nd4 13. Nb5 Nd5 $6 (13... c6 $6 14. Nbd6 $14 f5 $6 15. Bxd4 exd4 16. Qb3+ Kh7
17. Nxc8 Nxc8 18. Nc5 $16) ({Possible was} 13... f5 14. Nc5 c6 {with
double-edged position.}) 14. Bd2 $2 {Missing much more attractive continuation.
} (14. Bxd4 exd4 15. Ned6 $1 cxd6 (15... Nb4 16. Nxb7 Qe7 17. N7d6 $16) 16.
Bxd5 $14) 14... c6 15. Nxd4 (15. Nbd6 $2 f5 16. Nxc8 fxe4 17. dxe4 Nf6 18. e3
Ne6 $19) 15... exd4 16. Qc1 {[%csl Rh6]} Kh7 17. Qc4 Qe7 {[%csl Re2][%cal
Gf7f5] White has no clear plan, and black gradually grabs the initiative,
using his advantage in space.} 18. Bf3 ({Deserved attention the attempt to
exchange queens:} 18. Qc5) 18... Bh3 19. Rfc1 $6 {It seems, that white
underestimated the danger to his position.} ({Safer would have been} 19. Rfe1)
19... f5 20. Nc5 f4 21. Ne4 (21. Nb3 $2 fxg3 22. hxg3 Rxf3 $1 23. exf3 Qe2 {
with decisive attack.}) 21... fxg3 22. hxg3 Qe5 23. Qc5 $2 {White has
certainly underestimated black's reply.} ({Necessary was} 23. Bg2 {. For
instanse:} Bxg2 24. Kxg2 Nf6 25. Bf4 Qf5 26. Nd6 Qg4 27. f3 Qd7 $17) {[%tqu
"En","How should black continue?","","","f8f3","Very strong and well
calculated sacrifice.",12]} 23... Rxf3 $1 {[%mdl 512] Very strong and well
calculated sacrifice.} 24. exf3 Qf5 25. Kh2 $8 (25. f4 Qh5 $19 {[%csl Rg1]
[%cal Rh5f3]}) 25... Qxf3 $1 26. Kxh3 Rf8 {[%cal Gf8f5] White is not able to
parry black's threats in a satisfactory way.} 27. Qxf8 (27. Nd6 Rf4 (27... g5
$40) 28. Qxd5 Rh4+ 29. Kxh4 Qxd5 30. Kh3 Qxd6 $19 {[%csl Gd6]}) (27. Kh2 Rf5
28. Bg5 hxg5 29. Rh1 Ne3 30. Kg1+ Kg8 $19) 27... Bxf8 28. Kh2 Qxd3 {Black has
two extra pawns and extremely active pieces, which makes his position totally
winning.} 29. Re1 Bb4 30. Rad1 (30. Bxb4 axb4 31. Rad1 Qb3 $19) 30... Qb3 31.
Bxb4 Qxb4 32. b3 d3 33. f3 Qxb3 34. Nf2 Qxa4 {White's queenside belongs to
history. The rest of the game needs no comments.} 35. Rxd3 Qc2 36. Kg1 g5 37.
Rdd1 Qc3 38. Rb1 b5 39. Kg2 Ne3+ 40. Kg1 Nf5 41. Kg2 Nd4 0-1